000 02562cam a2200793 a 4500
001 22214
003 VRT
005 20260323133950.0
008 240318s2013 xo e 000 f slo
015 _aSNBA2013/05
020 _a9788055133508
_q(viaz.)
035 _a6E6C21F9-EE99-4420-A762-C8D9908F3E38
035 _aurn:nbn:sk:snk-amjn4k
035 _aurn:nbn:sk:snk-am001t45
039 9 _a202403182003
_bVLOAD
_c201604301146
_dVLOAD
_c201602040933
_dmvkhe01
_c201602011422
_dAUTHORITY
040 _aSVKBB
_bslo
_cSVKBB
_dSNK
_eAACR2
041 1 _aslo
_heng
043 _ae-ie---
044 _axo
_cSK
072 7 _a2
_xNáboženstvo
_2konspekt
072 7 _a929
_xBiografie
_2konspekt
080 _a929
_22001
080 _a2-167.2
_22001
080 _a(0:82-322.6)
_22001
080 _a2-587-055.2
_22001
080 _a159.96
_22001
080 _a37.03-053.2
_22001
080 _a615.8
_22001
080 _a316.728
_22001
080 _a316.474
_22001
080 _a2-423.79
_22001
080 _a(417)
_22001
100 1 _aByrne, Lorna,
_d1953-
_4aut
240 1 0 _aA Message of Hope from the Angels
_lSlovensky
245 1 0 _aPosolstvo nádeje od anjelov
_cLorna Byrneová ; [z anglického originálu preložila Viera Gregorcová]
250 _a[1. vyd.]
260 _aBratislava
_bIkar
_c2013
300 _a149 s.
_c21 cm
600 1 7 _aByrne, Lorna,
_d1953-
_2SNKMA
648 7 _a20.-21. stor.
_2SNKPH
648 7 _a20th-21st centuries
_2SNKPHeng
650 0 7 _amystici
_2SNKPH
650 0 7 _aAngels
_2SNKPHeng
650 0 7 _aanjeli
_2SNKPH
650 0 7 _aWomen mystics
_2SNKPHeng
650 0 7 _achanneling
_2SNKPH
650 0 7 _avýchova dieťaťa
_2SNKPH
650 0 7 _aliečiteľstvo
_2SNKPH
650 0 7 _akaždodenný život
_2SNKPH
650 0 7 _aláska
_2SNKPH
650 0 7 _anádej
_2SNKPH
650 0 7 _aChild rearing
_2SNKPHeng
650 0 7 _aHealing
_2SNKPHeng
650 0 7 _aEveryday life
_2SNKPHeng
650 0 7 _aLove
_2SNKPHeng
650 0 7 _aHope
_2SNKPHeng
651 7 _aÍrsko
_2SNKPH
651 7 _aIreland
_2SNKPHeng
655 7 _aautobiografické príbehy
_2SNKPH
655 7 _aAutobiographical stories
_2SNKPHeng
700 1 _aGregorcová, Viera
_4trl
910 _ahevk
942 _2ddc
_cKLDO
_n0
949 _6270001000410823
_asvkbbA 138018
_bsvkbbm 735448
949 _617A1068030
_asnkSC 154216
_bsnk2013/9658
_o990/13
949 _617A1068031
_asnkSC 154216 D1
_bsnk2013/9660
_o990/13
_s6100:20210923
949 _6273K0560551
_asvkpoA 217601
_bsvkpo561669
999 _c22214
_d22214